Manual de direito administrativo (Record no. 353)

MARC details
000 -LÍDER
Campo Fixo de Controle 00718nam a2200253 a 4500
001 - NÚMERO DE CONTROLE
Campo de Controle 353
003 - IDENTIFICAÇÃO DO NÚMERO DE CONTROLE
Campo de Controle BR-CuiBMT
005 - DATA E HORA DA ÚLTIMA ATUALIZAÇÃO
Campo de Controle 20231101201834.0
008 - DADOS FIXOS
Dados Fixos 231101s2018 baba 000 0 eng d
020 ## - INTERNATIONAL STANDARD BOOK NUMBER
Nº do ISBN 9788544217528
040 ## - AGÊNCIA CATALOGADORA
Código da Agência Catalogadora BR-CuiBMT
Agência que transcreveu o registro BR-CuiBMT
080 ## - Nº DA CLASSIFICAÇÃO DECIMAL UNIVERSAL
Nº edição CDU 2007
Nº Class. CDU 342.9
090 ## - NÚMERO DE CHAMADA
Nº classificação 342.9
Cutter C331m
Ano/Edição 5. ed.
100 1# - ENTRADA PRINCIPAL -- AUTOR PESSOAL
Nome pessoal Carvalho, Matheus
245 10 - TÍTULO PRINCIPAL
Título principal Manual de direito administrativo
Indicação de responsabilidade Matheus Carvalho
250 ## - EDIÇÃO
Edição 5. ed.
260 ## - PUBLICAÇÃO, DISTRIBUIÇÃO, ETC.
Local de publicação Salvador :
Editora Juspodivm,
Data 2018
300 ## - DESCRIÇÃO FÍSICA
N. páginas ou volumes 1231 p.
Ilustrações il.
Dimensões 24 cm
504 ## - NOTA DE BIBLIOGRAFIA, ETC.
Nota de bibliografia Inclui bibliografia.
650 ## - ASSUNTO TÓPICO
Cabeçalho tópico ou nome geográfico Direito administrativo
Subdivisão de forma Manual
Subdivisão geográfica Brasil
650 ## - ASSUNTO TÓPICO
Cabeçalho tópico ou nome geográfico Administração pública
Subdivisão geográfica Brasil
650 ## - ASSUNTO TÓPICO
Cabeçalho tópico ou nome geográfico Serviços públicos
Subdivisão geográfica Brasil
942 ## - ELEMENTOS DE ENTRADA ADICIONAIS (KOHA)
Fonte de classificação ou esquema de arquivamento Classificação Decimal Universal
Tipo de item do Koha Livros
Holdings
Estado: removido Estado: perdido Fonte de classificação ou esquema de arquivamento Estado: danificado Indisponível para empréstimo Localização permanente Localização atual Data de aquisição Total Checkouts Número de Chamada completo Código de barras Date last seen Número do exemplar Preço efetivo a partir de Tipo de item (Koha)
    Classificação Decimal Universal     Biblioteca da Escola Superior de Contas do TCE/MT Biblioteca da Escola Superior de Contas do TCE/MT 01/11/2023   342.9 C331m 5. ed. BIBTCEMT23110029 01/11/2023 Ex. 1 01/11/2023 Livros

Powered by Koha